| 000 | 00739nam a2200217Ia 4500 | ||
|---|---|---|---|
| 003 | GCL | ||
| 008 | 140319s9999 xx 000 0 ara d | ||
| 040 |
_aGCL / _cGCL |
||
| 082 | 0 | 4 |
_a639 _bع ا |
| 100 | 1 | _aعبدالحميد محمد عبدالحميد | |
| 245 | 1 | 0 |
_aالاسس العلمية لانتاج الاسماك ورعايتها / _cعبدالحميد محمد عبدالحميد |
| 260 |
_a[S.N] : _bدار النشر للجامعات المصرية ، _c1994 |
||
| 300 | _a657 ص | ||
| 490 | _a | ||
| 650 | 0 | 4 | _aالانتاج الحيوانى |
| 650 | 0 | 4 | _aالاسماك |
| 650 | 0 | 4 | _aانتاج الاسماك |
| 650 | 0 | 4 | _aالاحصاء المائية |
| 650 | 0 | 4 | _aتخزين الاسماك |
| 942 |
_2ddc _cBK |
||
| 999 |
_c36914 _d36914 |
||